000 00694nam a2200229 i 4500
001 C2-0131913
003 PPAK
005 20180727122635.0
008 971019s1989 my a|||| ||||| | tam d
040 _aPPAK
_beng
_cPPAK
_erda
082 0 4 _a070.444
_223
090 0 0 _a070.444
_bKOO
_dKIH
245 0 0 _aKootturavu
264 1 _aKuala Lumpur :
_bK.R. Somasundram ,
_c1989
300 _a[n.p.] :
_bcolour illustrations ;
_c26 cm
336 _2rdacontent
_atext
337 _2rdamedia
_aunmediated
338 _2rdacarrier
_avolume
500 _aTeks dalam bahasa Tamil ; Bulanan ; Huraian berdasarkan : Ogos/Sept 1989 ; Simpanan perpustakaan : 1989
650 1 0 _aPeriodical
942 _ddc
_cB
999 _c41083
_d41083